| 000 | 00763nam a22002657a 4500 | ||
|---|---|---|---|
| 003 | CHAP | ||
| 005 | 20220329140110.0 | ||
| 008 | 971013s1976 r 00010 d | ||
| 010 | _a46956 | ||
| 011 | _a47928 | ||
| 035 | _a52072 | ||
| 040 | _cCHAP | ||
| 082 |
_a635 _bT58 |
||
| 100 | 0 | 0 |
_aTiscornia, Julio R. _9113418 |
| 245 | _aHortalizas de fruto; tomate, pimiento, pepino y otros | ||
| 260 |
_aBuenos Aires : _bAlbatros, _c1976 |
||
| 300 |
_a146 p. _b: ilus. ; láms. |
||
| 590 |
_aBATCH-UPD _b10 _c20130110 _lUCH01 _h1454 |
||
| 590 |
_aCONVERSION _b10 _c20130109 _lUCH01 _h1326 |
||
| 650 | 1 | 4 |
_aLegumbres. _965680 |
| 650 | 1 | 4 |
_aTomate. _9113672 |
| 901 | _aBK | ||
| 942 | _cLIBRO | ||
| 949 |
_a635 T58 _bBC _cLIBRO _d33724000833836 _eLIBRO _fc.2 _h53691 _i52072 _so |
||
| 999 |
_c46956 _d46956 |
||